000 00364nam a2200145Ia 4500
008 230917s9999||||xx |||||||||||||| ||und||
040 _e217647
_aMAIN
041 _aEnglish
082 _a658.4092 F499T
100 _aFinzel, Hans
245 0 _aTop 10 mistakes leaders makes
260 _aMumbai
_bJaico Publishing House
_c2007
300 _a200 p.
942 _cBK
999 _c179463
_d179463